Managing by commitments

Vymedzenie pojmu commitment - angažované rozhodnutie. Kvality dobrého top manažéra. Angažované rozhodnutia - základ úspechu top manažéra. Commitments formujú identitu firmy a jej smerovanie. Vplyv commitments na úspešnosť a prežitie firmy. Príklady angažovaného rozhodnutia v praxi. Rozhodnutie tran...

Ausführliche Beschreibung

Gespeichert in:
Bibliographische Detailangaben
Format: Buchkapitel
Sprache:Tschechisch
Schlagworte:
Tags: Tag hinzufügen
Keine Tags, Fügen Sie das erste Tag hinzu!

MARC

LEADER 00000naa$a2200000$$$4500
001 0002204
005 20231002104759.3
041 0 |a cze 
044 |a CZ 
245 1 0 |a Managing by commitments 
520 |a Vymedzenie pojmu commitment - angažované rozhodnutie. Kvality dobrého top manažéra. Angažované rozhodnutia - základ úspechu top manažéra. Commitments formujú identitu firmy a jej smerovanie. Vplyv commitments na úspešnosť a prežitie firmy. Príklady angažovaného rozhodnutia v praxi. Rozhodnutie transformačného typu a jeho vlastnosti. 
610 2 0 |a manažment 
610 2 0 |a manažéri 
610 2 0 |a rozhodovanie manažérske 
610 2 0 |a firmy 
610 2 0 |a rozhodovanie strategické 
610 2 0 |a podnikatelia 
610 2 0 |a riadenie vrcholové